000 01471nam a22002297a 4500
999 _c62965
_d62965
003 Ge_BSU
005 20250415155219.0
008 250415s2020 ge ||||| |||| 00| 0 geo d
020 _a9789941324536
041 _ageo
080 _a087.5:030(084.1) ს-34
245 _aსაყმაწვილო უნივერსალური ენციკლოპედია :
_bყველაფერი რაც უნდა იცოდე! /
_cმთარგმნელი ნინო ბელთაძე ; სარედაქციო ჯგუფი: ლადო იოსებაძე, ცისანა ბურჯანაძე, ნატალია ახვლედიანი [და სხვა].
264 _aთბილისი :
_bპალიტრა L,
_c2020.
300 _a320 გვ. :
_bილ. ;
_c29 სმ.
700 _aბელთაძე, ნინო
_eმთარგმნელი
_924808
700 _aიოსებაძე, ლადო
_eრედაქტორი
_917896
700 _aბურჯანაძე, ცისანა
_eრედაქტორი
_924811
700 _aახვლედიანი, ნატალია
_eრედაქტორი
_95563
700 _aდათაშვილი, შორენა
_eრედაქტორი
_924812
700 _aსამხარაძე, თამარ
_eრედაქტორი
_924813
942 _2udc
_cᲬᲘᲒᲜᲘ